ბათუმის შოთა რუსთაველის სახელმწიფო უნივერსიტეტის ბიბლიოთეკა

ინვესტირების საფუძვლები. (ბიბ.ჩანაწერი № 34794)

000 -ლიდერი
ფიქსირებული სიგრძის საკონტროლო ველი 01334nam a2200289Ia 4500
001 - საკონტროლო ნომერი
საკონტროლო ველი 604
003 - საკონტროლო ნომრის იდენტიფიკატორი
საკონტროლო ველი GE_BSU
005 - ბოლო ოპერაციის თარიღი და დრო
საკონტროლო ველი 20250214113536.0
008 - ფიქსირებული სიგრძის მონაცემთა ელემენტები - ზოგადი ინფორმაცია
ფიქსირებული სიგრძის საკონტროლო ველი 181216s2001||||ge |||||||||||||| ||geo||
020 ## - წიგნის საერთაშორისო სტანდარტული ნომერი
International Standard Book Number 060423625
040 ## - კატალოგიზაციის წყარო
Transcribing agency GE_BSU
041 ## - ენის კოდი
Language code of text/sound track or separate title geo
080 ## - უნივერსალური ათობითი კლასიფიკაციის ინდექსი
Universal Decimal Classification number 330.322.1 გ-52
100 ## - მთავარი ჩანაწერი - პიროვნების სახელი
Personal name გიტმანი,ლორენს
9 (RLIN) 24365
245 ## - ცნობა სათაურის შესახებ
Title ინვესტირების საფუძვლები.
Statement of responsibility, etc გადმოქართ. და შევს. ლამარა ქოქიაურის მიერ ; [მეცნ.-რედ.: გივი გამსახურდია].
264 ## - წარმოების, გამოცემის, დისტრიბუციის და სხვა ცნობები
გამოცემის, წარმოების, დისტრიბუციის... ადგილი თბილისი :
გამოცემის, წარმოების, დისტრიბუციის... სახელწოდება ფინანსები,
გამოცემის, წარმოების, დისტრიბუციის... თარიღი 2001.
300 ## - ფიზიკური აღწერა
Extent 764 გვ.;
Other physical details 28 სმ.
653 ## - INDEX TERM--UNCONTROLLED
Uncontrolled term ინვესტირება
653 ## - INDEX TERM--UNCONTROLLED
Uncontrolled term საინვესტიციო ბაზრები
653 ## - INDEX TERM--UNCONTROLLED
Uncontrolled term საინვესტიციო გარიგებები
653 ## - INDEX TERM--UNCONTROLLED
Uncontrolled term აქციების შეფასება
653 ## - INDEX TERM--UNCONTROLLED
Uncontrolled term საბაზრო კონიუქტურა
653 ## - INDEX TERM--UNCONTROLLED
Uncontrolled term ობლიგაციები
653 ## - INDEX TERM--UNCONTROLLED
Uncontrolled term კონვერტირებული ფასიანი ქაღალდები
700 ## - ADDED ENTRY--PERSONAL NAME
Personal name ჯონკი, მაიკლ
Relator term ავტორი
9 (RLIN) 13230
942 ## - ADDED ENTRY ELEMENTS (KOHA)
Koha item type წიგნი
Source of classification or shelving scheme
ეგზემპლარები
ჩამოწერის სტატუსი დაკარგული ეგზემპლარის სტატუსი კლასიფიკაციის წყარო ან თაროზე გაწყობის სქემა დაზიანების სტატუსი არ გაიცემა მუდმივი მდებარეობა (დაცვის ადგილი) ამჟამინდელი ადგილსამყოფელი თაროზე განთავსების ადგილი შეძენის თარიღი ღირებულება, შესყიდვის ნორმალური ფასი სრული შენახვის შიფრი შტრიხკოდი ბოლო ოპერაციის თარიღი ეგზემპლარის მიმდევრობითი ნომერი (კეტერი?) ფასის ძალაში შესვლის თარიღი ეგზემპლარის სახეობა საჯარო შენიშვნა
          ბათუმის შოთა რუსთაველის სახელმწიფო უნივერსიტეტის მთავარი ბიბლიოთეკა ბათუმის შოთა რუსთაველის სახელმწიფო უნივერსიტეტის მთავარი ბიბლიოთეკა წიგნსაცავი 2018-12-17 30.00 330.322.1 გ-52 1787 2018-12-17 1787 2018-12-17 წიგნი 30 ლ.